Atlas y geografía del mundo / (Registro nro. 11531)

Detalles MARC
000 -LIDER
fixed length control field 01351cam a22003613a 4500
001 - NÚMERO DE CONTROL
Identificador de número de control 0000712
003 - IDENTIFICACDOR DE NÚMERO DE CONTROL
control field DO-SdBNP
005 - DATE AND TIME OF LATEST TRANSACTION
control field 20220520100308.0
007 - CAMPOS FIJOS DE DESCRIPCIÓN FÍSICA
fixed length control field 0000712
008 - ELEMENTOS DE LONGITUD FIJA
fixed length control field 861112 2009 sp abc 000 0 spa d
010 ## - NUMERO DE CONTROL DE BIBLIOTECA DEL CONGRESO
LC control number
020 ## - ISBN
International Standard Book Number 9972625206
040 ## - FUENTE DE CATALOGACIÓN
Agencia que crea de manera original el registro BPMSU
Agencia que realiza la transcripción spa
Agencia que realiza la modificación BPMSU
--
082 #4 - NÚMERO DE CLASIFICACIÓN DECIMAL DE DEWEY
Classification number R-912
Item number A881g 2009
Edition number 22
245 00 - MENCIÓN DE TITULO
Título Atlas y geografía del mundo /
Mención de responsabilidad dirección Juan Olivar ; redacción Javier Campillo, Dolores Gassós , Jaime Pintó
260 0# - PUBLICACIÓN, DISTRIBUCIÓN, ETC. (PIE DE IMPRENTA)
Lugar de publicación, distribución, etc Barcelona :
Nombre del editor, distribuidor, etc. Lexus,
Fecha de publicación, distribución, etc 2009.
300 ## - DESCRIPCIÓN FÍSICA
Extensión 260 p. :
Otros detalles físicos il., mapa, retrato ;
Dimensiones 34 cm.
505 2# - NOTA DE CONTENIDO
Título El cosmos, la tierra, el hombre --
-- Continentes y países --
-- América --
-- América del Norte y Central --
-- América del Norte y Central: cartografía --
-- América del Sur --
-- América del Sur: cartografía --
-- Europa --
-- Europa: cartografía --
-- Asia --
-- Asia: cartografía --
-- África --
-- África: cartografía --
-- Oceanía --
590 ## - NOTA LOCAL
Enlace Inventariado, 2022/VM
600 ## - ENCABEZAMIENTO DE MATERIA--NOMBRE PERSONAL
Nombre personal
Subdivisión temática general
650 #4 - ENCABEZAMIENTO DE MATERIA--TEMÁTICO
Término temático o nombre geográfico como elemento de entrada Atlas
Subdivisión temática general
650 #4 - ENCABEZAMIENTO DE MATERIA--TEMÁTICO
Término temático o nombre geográfico como elemento de entrada Geografía.
650 #4 - ENCABEZAMIENTO DE MATERIA--TEMÁTICO
Término temático o nombre geográfico como elemento de entrada Mapas
700 1# - ASIENTO SECUNDARIO -- NOMBRE PERSONAL
Nombre personal Olivar, Juan
Mención de responsabilidad dirección
700 1# - ASIENTO SECUNDARIO -- NOMBRE PERSONAL
Nombre personal Campillo, Javier
700 1# - ASIENTO SECUNDARIO -- NOMBRE PERSONAL
Nombre personal Gassós, Dolores
700 1# - ASIENTO SECUNDARIO -- NOMBRE PERSONAL
Nombre personal Pintó, Jaime
710 2# - ASIENTO SECUNDARIO -- NOMBRE CORPORATIVO
Nombre corporativo o de jurisdicción LEXUS
910 ## - VALIDACIÓN
Validación VMateo V./Validado. Control de calidad MFF
942 ## - ADDED ENTRY ELEMENTS (KOHA)
Source of classification or shelving scheme Dewey Decimal Classification
Koha item type Libros
945 ## - INFORMACIÓN DE PROCESAMIENTO LOCAL
Información de procesamiento local Inventariado, 2017/MFF
956 ## - LOCAL ELECTRONIC LOCATION AND ACCESS (OCLC)
Método de acceso YLOCKWARD
Materiales especificados 10
Campo enlazado y núm. de secuencia BPMSU
Existencias
Withdrawn status Lost status Source of classification or shelving scheme Damaged status Not for loan Collection code Home library Current library Date acquired Source of acquisition Full call number Barcode Date last seen Price effective from Koha item type Copy number
    Dewey Decimal Classification     Colección de Referencia General Biblioteca Pública Metropolitana Salomé Ureña Biblioteca Pública Metropolitana Salomé Ureña 10/11/2016 BPMSU CGR R-912 A881g BPMSU16100100 10/11/2016 10/11/2016 Libros  
    Dewey Decimal Classification     Colección de Referencia General Biblioteca Pública Metropolitana Salomé Ureña Biblioteca Pública Metropolitana Salomé Ureña 10/12/2016   BPMSU CGR R-912 A881g 2009 BPMSU16100148 10/12/2016 10/12/2016 Libros e.2